000 00470nam a2200181Ia 4500
005 20240823025145.0
008 240823s9999||||xx |||||||||||||| ||und||
041 _aENGLISH
082 _A332.1 P5
100 _aKaturi Nageswara Rao Ed.
245 0 _aU
_ Banking:Strategic Issues
250 _a1
260 _c2005
_bThe ICFAI University
_aHyderabad
500 _aYES
650 _aU
_ Banking:Strategic Issues
_bManagement Studies
942 _cBK
999 _c185645
_d185645